THE NEW CONSTITUTION OF INDIA. (Record no. 686196)

MARC details
000 -LEADER
fixed length control field 00502nam a2200181Ia 4500
008 - FIXED-LENGTH DATA ELEMENTS--GENERAL INFORMATION
fixed length control field 100920s9999 xx 000 0 und d
082 ## - DEWEY DECIMAL CLASSIFICATION NUMBER
Item number 30871
Classification number 5 थ 37
100 ## - MAIN ENTRY--PERSONAL NAME
Personal name JOSHI G.N.
245 ## - TITLE STATEMENT
Title THE NEW CONSTITUTION OF INDIA.
260 ## - PUBLICATION, DISTRIBUTION, ETC. (IMPRINT)
Name of publisher, distributor, etc MACMILLAN &CO. LIMITED.LONDON.
Date of publication, distribution, etc 1937
300 ## - PHYSICAL DESCRIPTION
Extent 464
Other physical details साधी
365 ## - TRADE PRICE
Price amount 0
520 ## - SUMMARY, ETC.
Summary, etc ई.एल. ई.
630 ## - SUBJECT ADDED ENTRY--UNIFORM TITLE
Uniform title THE NEW CONSTITUTION OF INDIA.
650 ## - SUBJECT ADDED ENTRY--TOPICAL TERM
Topical term or geographic name as entry element ई.एल. ई.
730 ## - ADDED ENTRY--UNIFORM TITLE
Uniform title THE NEW CONSTITUTION OF INDIA.
942 ## - ADDED ENTRY ELEMENTS (KOHA)
Koha item type Book
Holdings
Withdrawn status Lost status Damaged status Not for loan Home library Current library Shelving location Date acquired Cost, normal purchase price Total Checkouts Barcode Date last seen Price effective from Koha item type Public note
        Shri Chhatrapati Pratapsinh Maharaj ( Thorle) Nagar Vachanalaya, Satara Shri Chhatrapati Pratapsinh Maharaj ( Thorle) Nagar Vachanalaya, Satara     0.00   SATVAC-30871 09/20/2010 09/20/2010 Book देवघेव